[Event "Donoratico op-A"]
[Site "Donoratico"]
[Date "2011.04.29"]
[Round "1"]
[White "Campatelli, Giovanni"]
[Black "Cheli, Giancarlo"]
[Result "1/2-1/2"]
[WhiteElo "1796"]
[BlackElo "1967"]
[PlyCount "36"]
[EventDate "2011.04.29"]
[EventType "swiss"]
[EventRounds "5"]
[EventCountry "ITA"]
[SourceTitle "EXT 2015"]
[Source "ChessBase"]
[SourceDate "2014.11.20"]
[SourceVersion "1"]
[SourceVersionDate "2014.11.20"]
[SourceQuality "1"]

1. d4 Nf6 2. Nf3 e6 3. e3 c5 4. Bd3 d5 5. c3 Nc6 6. Nbd2 Be7 7. 0-0 0-0 8. dxc5 Bxc5 9. e4 dxe4 10. Nxe4 Nxe4 11. Bxe4 Qc7 12. Qe2 Bd7 13. Be3 Be7 14. Rfd1 Rfd8 15. Nd4 a6 16. Nxc6 Bxc6 17. Bxc6 Qxc6 18. Rxd8+ Rxd8 1/2-1/2